000 02429nam a22001577a 4500
041 _aukr
080 _a09
090 _bСАЧ
100 _aСачковська, О. В.
245 _aПсихолінгвістичні особливості використання фразеологічних засобів англійської мови на позначення психологічного портрету мовця
260 _aОстрог
_bКАФ
_c2014
300 _a111
520 _aВступ. Розділ І. Структурно-семантичні особливості фразеологічних одиниць. 1.1. Базові поняття фразеологічних одиниць 1.2. Семантичні особливості ФО 1.3. Класифікація ФО 1.4. Особливості використання фразеологічних одиниць у мові преси Розділ ІІ. Ключові поняття психолінгвістики. Психологічний портрет мовця. 2.1. Предмет, обєкт, завдання та напрями досліджень психолінгвістики 2.1.1. Методи психолінгвістики 2.1.2. Психолінгвістика як теорія мовленнєвої діяльності 2.2. Основні поняття психолінгвістики 2.2.1. Мовна свідомість 2.2.2. Мовна особистість 2.2.3. Мовна картина світу 2.3. Основні аспекти при складанні психологічного портрету мовця Розділ ІІІ. Психолінгвістичні ообливості використання фразеологізмів англійської мови на позначення психологічного портрету мовця. 3.1. Фразеологізми на позначення особливостей характеру індивіда 3.2. Фразеологізми на позначення емоційного стану 3.3. Фразеологізми, що демонструють спосіб виконня дії Висновки. Список використаної літератури. Додатки.
_0фразеологічна одиниця, психолінгвістика
650 _aResearch Papers
999 _c285371
_d285371
942 _cBK